[Event "South Wales New Year op"]
[Site "Bridgend"]
[Date "2020.01.03"]
[Round "1"]
[White "Kozusek, Daniel"]
[Black "Robinson, David"]
[Result "1-0"]
[WhiteElo "2335"]
[BlackElo "1860"]
[PlyCount "53"]
[EventDate "2020.01.03"]
[EventType "swiss"]
[EventRounds "5"]
[EventCountry "WLS"]
[SourceTitle "EXT 2022"]
[Source "ChessBase"]
[SourceDate "2021.10.06"]
[SourceVersion "1"]
[SourceVersionDate "2021.10.06"]
[SourceQuality "1"]

1. d4 f5 2. Nc3 d5 3. Bg5 Nf6 4. Bxf6 exf6 5. e3 c6 6. Bd3 Bd6 7. Qf3 g6 8. Nge2 Na6 9. a3 Qc7 10. h3 0-0 11. 0-0-0 b5 12. Bxb5 Rb8 13. Ba4 Qb7 14. Bb3 Be6 15. Nf4 Bf7 16. g4 g5 17. Nd3 fxg4 18. hxg4 Qe7 19. Rde1 Bg6 20. e4 Rxb3 21. exd5 Rxa3 22. Rxe7 Ra1+ 23. Kd2 Rxh1 24. Rd7 Bxd3 25. Qxh1 Bf4+ 26. Kxd3 Nb4+ 27. Kc4 1-0

[Event "South Wales op 16th"]
[Site "Cardiff"]
[Date "2019.07.07"]
[Round "1"]
[White "Murphy, Conor"]
[Black "Robinson, David"]
[Result "1/2-1/2"]
[WhiteElo "2362"]
[BlackElo "1840"]
[PlyCount "39"]
[EventDate "2019.07.07"]
[EventType "swiss"]
[EventRounds "9"]
[EventCountry "WLS"]
[SourceTitle "CBM 191 Extra"]
[Source "ChessBase"]
[SourceDate "2019.09.30"]
[SourceVersion "1"]
[SourceVersionDate "2019.09.30"]
[SourceQuality "1"]

1. e4 d5 2. exd5 Qxd5 3. Nc3 Qa5 4. d4 Nf6 5. Bc4 c6 6. Bd2 Bf5 7. Nd5 Qd8 8. Nxf6+ gxf6 9. Nf3 e6 10. 0-0 Qc7 11. Re1 Nd7 12. Nh4 Bg6 13. Bxe6 fxe6 14. Re4 e5 15. Rxe5+ Kf7 16. Re6 Bd6 17. Qe2 Nf8 18. Re1 Nxe6 19. Qxe6+ Kg7 20. Bh6+ 1/2-1/2

[Event "South Wales op 16th"]
[Site "Cardiff"]
[Date "2019.07.07"]
[Round "2"]
[White "Robinson, David"]
[Black "Ratnesan, Ranesh"]
[Result "0-1"]
[WhiteElo "1840"]
[BlackElo "2080"]
[PlyCount "42"]
[EventDate "2019.07.07"]
[EventType "swiss"]
[EventRounds "9"]
[EventCountry "WLS"]
[SourceTitle "CBM 191 Extra"]
[Source "ChessBase"]
[SourceDate "2019.09.30"]
[SourceVersion "1"]
[SourceVersionDate "2019.09.30"]
[SourceQuality "1"]

1. e4 c5 2. c3 d5 3. exd5 Qxd5 4. d4 cxd4 5. cxd4 Nc6 6. Nf3 e5 7. Nc3 Bb4 8. Bd2 Bxc3 9. Bxc3 e4 10. Ne5 Nxe5 11. dxe5 Ne7 12. Be2 0-0 13. 0-0 Qe6 14. Qc2 Qg6 15. Kh1 Nd5 16. Bd2 Bf5 17. Qb3 Rad8 18. Rad1 e3 19. Bxe3 Bc2 20. Qxb7 Nxe3 21. Rxd8 Rxd8 0-1

[Event "South Wales op 15th"]
[Site "Cardiff"]
[Date "2018.07.09"]
[Round "4"]
[White "Downey, Keith"]
[Black "Robinson, David"]
[Result "1/2-1/2"]
[WhiteElo "1824"]
[BlackElo "1919"]
[PlyCount "109"]
[EventDate "2018.07.07"]
[EventType "swiss"]
[EventRounds "9"]
[EventCountry "WLS"]
[SourceTitle "EXT 2019"]
[Source "ChessBase"]
[SourceDate "2018.10.10"]
[SourceVersion "1"]
[SourceVersionDate "2018.10.10"]
[SourceQuality "1"]

1. Nf3 d5 2. d4 Nc6 3. Bf4 Bf5 4. e3 e6 5. a3 Bd6 6. Bg3 Nf6 7. Nbd2 0-0 8. c4 Re8 9. Bxd6 Qxd6 10. c5 Qe7 11. Bb5 Nd7 12. Bxc6 bxc6 13. 0-0 e5 14. Nxe5 Nxe5 15. dxe5 Qxc5 16. Nf3 Bg4 17. Qd4 Qxd4 18. exd4 Rab8 19. b4 Rb5 20. Rac1 Bd7 21. Nd2 a5 22. bxa5 Rxa5 23. Rc3 Rb8 24. Rb1 Rxb1+ 25. Nxb1 Ra4 26. Rb3 g6 27. Rb4 Ra5 28. a4 c5 29. dxc5 Rxc5 30. f3 Bxa4 31. Nd2 Bc2 32. Kf2 Rc3 33. f4 c5 34. Rb8+ Kg7 35. Rb7 Bf5 36. h3 Rc2 37. Ke1 h5 38. Nf3 Rxg2 39. Ng5 Rxg5 40. fxg5 Bxh3 41. Rb5 Kf8 42. Rxc5 Be6 43. Rc7 Bf5 44. Kf2 h4 45. Ra7 Ke8 46. Rc7 Bd7 47. Rc5 Be6 48. Rc7 Kd8 49. Ra7 Bd7 50. Rb7 Ke7 51. Rb6 Bf5 52. Rd6 d4 53. Rxd4 Ke6 54. Rxh4 Kxe5 55. Ke3 1/2-1/2

[Event "South Wales New Year op-A"]
[Site "Bridgend"]
[Date "2017.01.07"]
[Round "2"]
[White "Robinson, David"]
[Black "Howells, Chris"]
[Result "0-1"]
[WhiteElo "1923"]
[BlackElo "1814"]
[PlyCount "194"]
[EventDate "2017.01.06"]
[EventType "swiss"]
[EventRounds "5"]
[EventCountry "WLS"]
[SourceTitle "EXT 2019"]
[Source "ChessBase"]
[SourceDate "2018.10.10"]
[SourceVersion "1"]
[SourceVersionDate "2018.10.10"]
[SourceQuality "1"]

1. d4 Nf6 2. Nf3 e6 3. Bf4 b6 4. e3 Bb7 5. Nbd2 c5 6. c3 Nc6 7. Bd3 d5 8. 0-0 Bd6 9. Ne5 Qc7 10. Ndf3 Nd7 11. Nxd7 Bxf4 12. exf4 Qxd7 13. Ne5 Qc7 14. Rc1 Nxe5 15. fxe5 c4 16. Bb1 0-0-0 17. f4 g6 18. Qg4 h5 19. Qh4 Rdf8 20. Rf3 Qd8 21. Qg5 h4 22. Qg4 Rh6 23. Re1 Kb8 24. Bc2 Bc6 25. Bd1 Bd7 26. Rh3 Rh5 27. Qe2 Rfh8 28. Qd2 R5h7 29. Bg4 Qe7 30. Ree3 Kc7 31. Qe1 Qd8 32. Qf1 Qe7 33. g3 hxg3 34. Rexg3 Rxh3 35. Rxh3 Qf8 36. Rxh8 Qxh8 37. Qh3 Qxh3 38. Bxh3 Ba4 39. Kf2 Bc2 40. Kg3 Kd7 41. Kh4 Ke7 42. Kg5 Bb1 43. a3 Bc2 44. Bg4 b5 45. h4 Bd3 46. h5 gxh5 47. Bxh5 Bf5 48. Bd1 Bd3 49. a4 a6 50. a5 Bb1 51. Bg4 Bc2 52. Bf3 Bd3 53. Bg2 Bc2 54. f5 Bd3 55. Bf3 Bc2 56. Bg4 Bd3 57. fxe6 fxe6 58. Kh6 Bc2 59. Kg7 Bb3 60. Bh5 Bc2 61. Bg6 Bb3 62. Bb1 Ba4 63. Kg6 Bd1 64. Kg5 Bb3 65. Kf4 Bd1 66. Ke3 Bb3 67. Kd2 Kd7 68. Bc2 Kc6 69. Bxb3 cxb3 70. Kd3 Kc7 71. Ke3 Kc6 72. Kf4 b4 73. cxb4 Kb5 74. Kg5 Kc4 75. Kf6 Kxd4 76. Kxe6 Kc4 77. Kf6 d4 78. e6 d3 79. e7 d2 80. e8Q d1Q 81. Qc6+ Kxb4 82. Qb6+ Ka4 83. Qxa6 Qd4+ 84. Ke6 Qxb2 85. Qc6+ Kxa5 86. Qc5+ Ka4 87. Qc6+ Ka3 88. Qa6+ Kb4 89. Qd6+ Kc3 90. Qc5+ Kd2 91. Qf2+ Kc1 92. Qe1+ Kc2 93. Qe4+ Kc3 94. Qe3+ Kc4 95. Qe4+ Qd4 96. Qc6+ Kd3 97. Qc1 Qc4+ 0-1

[Event "WLS-chT 1516"]
[Site "Wales"]
[Date "2016.05.08"]
[Round "7.2"]
[White "Robinson, David"]
[Black "Ralphs, Nigel"]
[Result "1-0"]
[WhiteElo "1903"]
[BlackElo "2001"]
[PlyCount "81"]
[EventDate "2015.11.01"]
[EventType "team-tourn"]
[EventRounds "7"]
[EventCountry "WLS"]
[SourceTitle "EXT 2018"]
[Source "ChessBase"]
[SourceDate "2017.10.13"]
[SourceVersion "1"]
[SourceVersionDate "2017.10.13"]
[SourceQuality "1"]

1. d4 d5 2. Nf3 Nf6 3. Bf4 c5 4. e3 cxd4 5. exd4 Nc6 6. c3 Bg4 7. Nbd2 Bxf3 8. Nxf3 e6 9. Bd3 Bd6 10. Ne5 0-0 11. 0-0 Qc7 12. Re1 Nd7 13. Qh5 g6 14. Qe2 Rfe8 15. Nxd7 Qxd7 16. Qg4 Bf8 17. Re3 Bg7 18. Rae1 a6 19. h4 h5 20. Qe2 b5 21. g4 e5 22. gxh5 gxh5 23. Bxe5 Nxe5 24. dxe5 Qg4+ 25. Qxg4 hxg4 26. Bf5 Rad8 27. e6 fxe6 28. Bxe6+ Kf8 29. Bxg4 Rxe3 30. Rxe3 d4 31. Rd3 Ke7 32. cxd4 Bxd4 33. Rd2 Kf6 34. Kg2 Ke5 35. Kg3 Rf8 36. Re2+ Kd5 37. f4 Kc4 38. h5 Kd3 39. Kf3 Rg8 40. Bf5+ Kc4 41. Be6+ 1-0